| 000 | 00517nam a2200133Ia 4500 | ||
|---|---|---|---|
| 008 | 171212s9999 xx 000 0 und d | ||
| 020 | _a9781557536617 | ||
| 245 |
_ceditor Coyle, Eugene D.;Dark, Melissa J. _aUnderstanding the Global Energy Crisis |
||
| 260 |
_bPurdue University Press _c2014 |
||
| 440 | _aPurdue Studies in Public Policy | ||
| 650 | _aEnergy consumption; Energy policy; Energy development; Renewable energy sources | ||
| 650 | _aPolitical Science | ||
| 856 | _uhttp://www.jstor.org/stable/j.ctt6wq56p | ||
| 999 |
_c351629 _d351629 |
||